00725cam a22002417a 4500003000500000005001700005008004100022010000900063011000900072035000900081040000900090100003000099245007600129260008700205300001400292410000900306490003600315501003200351650001400383650004100397810000900438830003600447CHAP20220817040943.0971013s1979 r 00010 d a3366 a4338 a3540 cCHAP00aEspinosa G., Francisco F.13aEl trigo sarraceno, una posibilidad más para la alimentación animal aMéxico, D.F. :bFideicomisos Instituidos en Relación con la Agricultura,c1979 app. 30-34 aFIRA 0aBoletin informativov; 12 (111) aEnc. con impresos similares14aAlforfon.14aAlimentos y alimentacion del ganado. aFIRA0 aBoletin informativov; 12 (111)